Statistics for Verdens lande

Click here to take the quiz!

General Stats

  • This quiz has been taken 31.736 times
  • The average score is 86 of 196

Answers on the Map

Answers color-coded by a green-red scale on the quiz's map according to % correct below.
 

Answer Stats

Land% Correct
USA
92%
Canada
90%
Danmark
90%
Mexico
87%
Norge
87%
Sverige
87%
Finland
86%
Rusland
86%
Italien
85%
Tyskland
85%
Spanien
84%
Frankrig
83%
Island
83%
Kina
83%
Portugal
83%
Australien
81%
Japan
81%
Irland
80%
Polen
80%
Brasilien
78%
Holland
77%
Indien
77%
Argentina
76%
Ukraine
75%
Belgien
74%
Chile
74%
Egypten
74%
Storbritannien
74%
Estland
73%
Letland
73%
Tyrkiet
73%
Grækenland
72%
Sydafrika
71%
Østrig
70%
Iran
69%
New Zealand
69%
Nordkorea
68%
Irak
67%
Sydkorea
67%
Peru
66%
Thailand
66%
Tjekkiet
66%
Colombia
62%
Cuba
62%
Hviderusland
62%
Kroatien
62%
Niger
62%
Mongoliet
59%
Litauen
58%
Schweiz
58%
Albanien
57%
Indonesien
57%
Kenya
57%
Marokko
57%
Madagaskar
56%
Saudi-Arabien
56%
Slovakiet
56%
Ungarn
56%
Afghanistan
55%
Bulgarien
55%
Demokratiske
Republik Congo
55%
Bolivia
54%
Luxembourg
54%
Republikken Congo
54%
Vietnam
54%
Israel
53%
Nigeria
53%
Pakistan
53%
Rumænien
53%
Serbien
53%
Slovenien
53%
Sudan
52%
Somalia
51%
Venezuela
51%
Bosnien-Hercegovina
50%
Syrien
50%
Uruguay
49%
Algeriet
48%
Malta
48%
Nepal
48%
Panama
48%
Ghana
45%
Oman
45%
Paraguay
45%
Tanzania
45%
Yemen
45%
Cypern
44%
Filippinerne
44%
Kosovo
44%
Mali
44%
Moldova
44%
Sri Lanka
44%
Andorra
42%
Ecuador
42%
Libyen
41%
Tunesien
41%
Costa Rica
39%
Jordan
39%
Angola
38%
Haiti
38%
Jamaica
38%
Malaysia
38%
Monaco
38%
Qatar
38%
Uganda
38%
Burma
37%
Etiopien
37%
Kasakhstan
37%
Laos
37%
Montenegro
37%
Sydsudan
37%
Zambia
37%
Elfenbenskysten
35%
Fiji
35%
Liechtenstein
35%
Makedonien
35%
San Marino
35%
Zimbabwe
35%
Bahamas
34%
Bangladesh
34%
Honduras
34%
Taiwan
34%
Vatikanstaten
34%
Georgien
32%
Senegal
32%
Armenien
31%
El Salvador
31%
Guatemala
31%
Togo
31%
Forenede Arabiske
Emirater
30%
Guinea
30%
Singapore
30%
Botswana
29%
Libanon
29%
Namibia
29%
Belize
28%
Gambia
28%
Guyana
28%
Maldiverne
28%
Surinam
28%
Bhutan
27%
Mozambique
27%
Rwanda
27%
Benin
26%
Usbekistan
26%
Eritrea
25%
Kuwait
25%
Malawi
25%
Nicaragua
25%
Tchad
25%
Burkina Faso
24%
Liberia
24%
Papua Ny Guinea
24%
Turkmenistan
24%
Gabon
23%
Lesotho
23%
Bahrain
22%
Cambodja
22%
Dominica
21%
Tonga
21%
Burundi
20%
Kirgisistan
20%
Sierra Leone
20%
Aserbajdsjan
19%
Barbados
19%
Djibouti
19%
Dominikanske Republik
19%
Kap Verde
19%
Mauretanien
19%
Mauritius
19%
Saint Lucia
19%
Swaziland
19%
Brunei
18%
Cameroun
18%
Centralafrikanske Republik
18%
Trinidad og Tobago
18%
Guinea-Bissau
17%
Samoa
17%
Grenada
16%
Kiribati
16%
Mikronesien
16%
Palau
16%
Saint Vincent og
Grenadinerne
16%
Seychellerne
16%
Tuvalu
16%
Antigua og Barbuda
15%
Nauru
15%
Saint Kitts og Nevis
15%
Ækvatorialguinea
14%
Marshalløerne
14%
Østtimor
14%
Salomonøerne
14%
Vanuatu
14%
São Tomé og Príncipe
13%
Tadsjikistan
13%
Comorerne
10%

Score Distribution

Percentile by Number Answered

Percent of People with Each Score

Your Score History

You have not taken this quiz